| 000 | 00744nam a2200181Ia 4500 | ||
|---|---|---|---|
| 001 | 10285 | ||
| 003 | GE_BSU | ||
| 008 | 181216s||||||||xx |||||||||||||| ||und|| | ||
| 040 | _cGE_BSU | ||
| 080 | _a821.353.1–97+821.353.1(ჰაგიოგრ.) | ||
| 100 | _aიოანე,საბანისძე | ||
| 245 | _aმარტვილობა აბო ტფილელისა | ||
| 245 | _bძველი ქართული საეკლესიო ლიტერატურა | ||
| 300 | _a186გვ.23სმ. | ||
| 653 | _aმარტვილობა აბო ტფილელისა | ||
| 653 | _aძველი ქართული საეკლესიო ლიტერატურა | ||
| 942 | _cBK | ||
| 999 |
_c43553 _d43553 |
||